| 000 -LEADER |
| fixed length control field |
00592nam a2200217Ia 4500 |
| 001 - CONTROL NUMBER |
| control field |
21813 |
| 003 - CONTROL NUMBER IDENTIFIER |
| control field |
GE_BSU |
| 008 - FIXED-LENGTH DATA ELEMENTS--GENERAL INFORMATION |
| fixed length control field |
181216s||||||||xx |||||||||||||| ||und|| |
| 020 ## - INTERNATIONAL STANDARD BOOK NUMBER |
| International Standard Book Number |
9783894491475 |
| 040 ## - CATALOGING SOURCE |
| Transcribing agency |
GE_BSU |
| 080 ## - UNIVERSAL DECIMAL CLASSIFICATION NUMBER |
| Universal Decimal Classification number |
811.112.09 |
| 100 ## - MAIN ENTRY--PERSONAL NAME |
| Personal name |
Gigl, Claus: |
| 245 ## - TITLE STATEMENT |
| Title |
Abitur-Wissen - Deutsch Deutsche Literaturgeschichte |
| 260 ## - PUBLICATION, DISTRIBUTION, ETC. |
| Name of publisher, distributor, etc. |
Stark |
| 260 ## - PUBLICATION, DISTRIBUTION, ETC. |
| Date of publication, distribution, etc. |
1999 |
| 300 ## - PHYSICAL DESCRIPTION |
| Extent |
258p. 24cm. |
| 653 ## - INDEX TERM--UNCONTROLLED |
| Uncontrolled term |
Abitur-Wissen - Deutsch Deutsche Literaturgeschichte |
| 653 ## - INDEX TERM--UNCONTROLLED |
| Uncontrolled term |
გერმანული ენა, ლიტერატურა |
| 942 ## - ADDED ENTRY ELEMENTS (KOHA) |
| Koha item type |
წიგნი |